[Event "Ch France (team) 2007"]
[Site "masterchessopen.com France"]
[Date "2007.04.29"]
[Round "5"]
[White "Nezar Mustapha (FRA)"]
[Black "Amigues Emmanuel (FRA)"]
[Result "1-0"]
[WhiteElo "2405"]
[BlackElo "2378"]

1.d4 Nf6 2.c4 e6 3.Nc3 Bb4 4.Qc2 d5 5.a3 Bxc3+ 6.Qxc3 dxc4 7.Qxc4 b6 8.Bf4 Nd5
9.Bg3 Ba6 10.Qc2 O-O 11.Nf3 Nd7 12.e4 Bxf1 13.Rxf1 N5f6 14.O-O-O a5 15.Kb1 Qc8
16.e5 Nd5 17.Ng5 g6 18.h4 c5 19.h5 cxd4 20.Qd3 Nc5 21.Qxd4 Ra7 22.Rh1 Nb3
23.Qd3 Nc5 24.Qc2 f5 25.exf6 Rxf6 26.hxg6 Rxg6 27.Rxh7 Rxh7 28.Qxg6+ Rg7
29.Qh6 Qd8 30.Ne4 Nxe4 31.Qxe6+ Kf8 32.Rxd5 {#r} 1-0

[Event "Ch Russia (club)"]
[Site "masterchessopen.com Sochi (Russia)"]
[Date "2007.05.06"]
[Round "5"]
[White "Lysyj Igor (RUS)"]
[Black "Georgiev Kiril (MKD)"]
[Result "0-1"]
[WhiteElo "2591"]
[BlackElo "2649"]

1.d4 Nf6 2.c4 e6 3.Nc3 Bb4 4.Qc2 d5 5.a3 Bxc3+ 6.Qxc3 dxc4 7.Qxc4 b6 8.Bg5 Ba6
9.Qa4+ Qd7 10.Qxd7+ Nbxd7 11.Nf3 Ne4 12.Bh4 c5 13.e3 Bxf1 14.Rxf1 f6 15.Rc1 g5
16.Bg3 h5 17.Nd2 Nxd2 18.Kxd2 Ke7 19.h3 Rac8 20.b4 cxd4 21.exd4 b5 22.Bc7 Nb6
23.Bxb6 axb6 24.Kd3 Kd6 25.Ke4 Ra8 26.Rc3 Rhc8 27.Rd3 Rc2 28.g4 h4 29.d5 Rc4+
30.Kf3 e5 31.Kg2 Rac8 32.Rfd1 Rf4 33.R1d2 Rc1 34.Re3 Rd4 35.Red3 Kxd5 {#R} 0-1

[Event "It (open)"]
[Site "masterchessopen.com Triesen (Liechtenstein)"]
[Date "2007.05.18"]
[Round "8"]
[White "Likavsky Tomas (SVK)"]
[Black "Rozentalis Eduardas (LTU)"]
[Result "0-1"]
[WhiteElo "2496"]
[BlackElo "2581"]

{ Likavsky Tomas (SVK) +1 =1 -2 Rozentalis Eduardas (LTU) +0 =1 -0 } 1.d4 Nf6
2.c4 e6 3.Nc3 Bb4 4.Qc2 d5 5.a3 Bxc3+ ( 5...Be7 6.cxd5 exd5 7.Bg5 c6 8.e3 Bg4
9.Nge2 Nbd7 10.h3 Bh5 11.Ng3 Bg6 12.Nf5 Bxf5 13.Qxf5 g6 14.Qc2 Nh5 15.Bxe7
Qxe7 16.Be2 { 1/2-1/2, Shipov Sergei 2576 - Rozentalis Eduardas 2605 , Tromsoe
28. 6.2006 It (open) "Midnight Sun" } ) 6.Qxc3 dxc4 { = } 7.e3 { +0.29 CAP N }
( 7.Qxc4 b6 8.Nf3 Ba6 9.Qc2 ( 9.Qa4+ Qd7 10.Qc2 Nc6 11.Bg5 O-O 12.Rd1 Rac8
13.Ne5 Nxe5 14.dxe5 Qb5 15.Bxf6 gxf6 16.exf6 Qa5+ 17.Qc3 Qxc3+ 18.bxc3 Bb7
19.h4 Rfd8 20.Rh3 Be4 21.Re3 Bg6 22.g4 h6 23.Bg2 Rd6 24.f4 Rcd8 25.Rxd6 cxd6
26.Rg3 Bb1 { ...1-0, Bareev Evgeny 2729 - Short Nigel D 2690 , Moscow 2002
Match "Russia-All World" } ) 9...Nbd7 ( 9...O-O 10.e4 Bxf1 11.Rxf1 Nbd7 12.Bg5
Qc8 13.O-O-O Qb7 14.Rfe1 Rac8 15.Kb1 Rfe8 16.Ne5 c5 17.Qd3 cxd4 18.Nxd7 Nxd7
19.Qxd4 Nc5 20.e5 h6 21.Be3 Rcd8 22.Qg4 Kh8 23.Bd4 Nb3 24.Bc3 Rxd1+ 25.Rxd1
Nc5 26.f3 Qa6 { ...1-0, Golod Vitali 2597 - Feller Sebastien 2431 , Cappelle
la Grande 3. 3.2007 It (open) } ) 10.Bf4 O-O 11.Bxc7 Qc8 12.Rc1 Qb7 13.Bf4
Rfc8 14.Qd1 Qe4 15.Bd2 Rxc1 16.Qxc1 Rc8 17.Qd1 h6 18.Bc3 Qc6 19.Nd2 Nd5 20.Nb1
N7f6 21.h4 Ne4 22.Rh3 f5 23.h5 Bb5 24.Bd2 Ba4 25.b3 Bb5 26.a4 Ba6 { ...0-1,
Likavsky Tomas 2498 - Delchev Aleksander 2637 , Fuegen 9.10.2006 Cup European
Club } ) ( 7.Bg5 b5 8.Nf3 Nbd7 9.a4 c6 10.e3 Bb7 11.b3 cxb3 12.Bxf6 Nxf6
13.axb5 O-O 14.bxc6 Ne4 15.Qxb3 Bxc6 16.Be2 a5 17.O-O a4 18.Qc2 Rc8 19.Ba6 Rc7
20.Rfc1 Qa8 21.Ne5 Qxa6 22.Nxc6 Nd6 23.Rxa4 Qb7 24.Ra7 Rxc6 25.Qxc6 Qxa7
26.Qxd6 g6 { ...1-0, Kantorik Marian 2286 - Saric Ante 2474 , Pula 20. 6.2006
It (open) } ) 7...b5 8.a4 c6 9.axb5 cxb5 10.b3 Nd5 11.Qa5 Qxa5+ 12.Rxa5 Nb6
13.Nf3 Bd7 14.bxc4 bxc4 15.Nd2 Nc6 16.Rc5 O-O 17.Bxc4 Na4 18.Rb5 Rfc8 19.Rb1
e5 20.d5 Na5 21.Ba6 Rc2 22.O-O Ra2 23.Nc4 Bf5 24.Rb4 Nc5 25.Bb5 { ? } ( 25.Rb2
Ra4 26.Nxa5 Rxa5 27.Bb5 Nd3 28.Bd2 Ra3 29.Rbb1 Ra2 30.Bc3 Rc2 31.Ba5 Ra2 { } )
25...Bd3 26.Rd1 Be2 27.Rd2 Ra1 28.Rc2 Bd3 29.Rc3 Ne4 30.Nxe5 Nxc3 { } {#R} 0-1

[Event "Ch Germany (juniors) (under 18)"]
[Site "masterchessopen.com Willingen (Germany)"]
[Date "2007.05.27"]
[Round "2"]
[White "Figura Atila Gajo (GER)"]
[Black "Poetsch Hagen (GER)"]
[Result "1-0"]
[WhiteElo "2414"]
[BlackElo "2264"]

1.d4 e6 2.c4 Nf6 3.Nc3 Bb4 4.Qc2 d5 5.a3 Bxc3+ 6.Qxc3 c5 7.dxc5 O-O 8.Nf3 Ne4
9.Qc2 Qf6 10.Be3 Nc6 11.Rd1 Rd8 12.g3 d4 13.Qxe4 dxe3 14.Rxd8+ Nxd8 15.Qd4
exf2+ 16.Kxf2 Qxd4+ 17.Nxd4 e5 18.Nb5 Ne6 19.b4 a5 20.Nd6 axb4 21.axb4 Bd7
22.Nxb7 Ra4 23.b5 Rxc4 24.c6 Bxc6 25.bxc6 Rxc6 26.Bg2 Rc2 27.Be4 Rb2 28.Rb1
Rxb1 29.Bxb1 Kf8 30.Ba2 Ng5 31.Bd5 h6 32.h4 Nh7 33.Nd6 g5 34.Nxf7 Nf6 35.Ba2
Ne4+ 36.Kf3 Nc3 37.Bb3 gxh4 38.gxh4 e4+ 39.Ke3 Kg7 40.Nd6 Kg6 41.Kd2 Nxe2
42.Kxe2 Kh5 43.Nf5 Kg4 44.Be6 {#r} 1-0

[Event "It (open)"]
[Site "masterchessopen.com Bratto (Italy)"]
[Date "2007.08.23"]
[Round "1"]
[White "Esen Baris (TUR)"]
[Black "Tramalloni Luca (ITA)"]
[Result "1-0"]
[WhiteElo "2453"]
[BlackElo "2095"]

1.d4 Nf6 2.c4 e6 3.Nc3 Bb4 4.Qc2 d5 5.a3 Bxc3+ 6.Qxc3 c5 7.cxd5 cxd4 8.Qxd4
Nc6 9.Qd3 exd5 10.Nf3 O-O 11.b4 Re8 12.Bb2 Bg4 13.g3 Qe7 14.Bg2 d4 15.b5 Bxf3
16.Qxf3 Ne5 17.Qb3 d3 18.e3 d2+ 19.Kxd2 Neg4 20.Ke2 Ne4 21.Rhf1 Nxh2 22.Rfd1
Qg5 23.Qd3 Qg4+ 24.Ke1 Nxg3 25.Bxb7 Rad8 26.Qc2 Qh3 27.Qc4 Nf5 28.Rxd8 Rxd8
29.Rd1 Re8 30.Rd7 Nh6 31.Bc6 Nf3+ 32.Kd1 Rf8 33.Kc2 Qf5+ 34.Qe4 Qc5+ 35.Kb3
Ng5 36.Qd4 Ne6 37.Qc4 Qf5 38.Rxa7 Qxf2 39.Qxe6 fxe6 40.Rxg7+ Kh8 41.Rg2+ Qf6
42.Bxf6+ Rxf6 43.a4 Nf5 44.Re2 Ne7 45.Bb7 h5 46.a5 {#r} 1-0

[Event "Ch Asia (juniors) (under 14)"]
[Site "masterchessopen.com Al Ain (United Arab Emirates)"]
[Date "2007.08.25"]
[Round "3"]
[White "Ishaq Saeed"]
[Black "Pranav Shetty (IND)"]
[Result "1-0"]
[WhiteElo "2167"]
[BlackElo "2097"]

1.d4 Nf6 2.c4 e6 3.Nc3 Bb4 4.Qc2 d5 5.a3 Bxc3+ 6.Qxc3 dxc4 7.e3 b6 8.Bxc4 Bb7
9.f3 Nbd7 10.Ne2 O-O 11.O-O a5 12.e4 h6 13.b3 Qe7 14.Bb2 Rac8 15.Nf4 c6
16.Rfe1 Rfe8 17.b4 axb4 18.axb4 e5 19.Ng6 Qd8 20.dxe5 Nh5 21.Qb3 Re7 22.g4 b5
23.Nxe7+ Qxe7 24.Bxf7+ Qxf7 25.e6 Qg6 26.exd7+ {#r} 1-0

[Event "It (open)"]
[Site "masterchessopen.com Istanbul (Turkey)"]
[Date "2007.09.06"]
[Round "8"]
[White "Gurevich Mikhail (TUR)"]
[Black "Gasanov Eldar (UKR)"]
[Result "1-0"]
[WhiteElo "2627"]
[BlackElo "2503"]

{ Gurevich Mikhail (TUR) +1 =3 -0 } 1.d4 Nf6 2.c4 e6 3.Nc3 Bb4 4.Qc2 d5 5.a3
Bxc3+ 6.Qxc3 { = } 6...c5 ( 6...Ne4 7.Qc2 Nc6 8.e3 e5 9.cxd5 Qxd5 10.Bc4 Qa5+
11.b4 Nxb4 12.Qxe4 Nc2+ 13.Ke2 Qe1+ 14.Kf3 Nxa1 15.Bb2 O-O 16.Kg3 h6 17.h4 Re8
18.Kh2 Qxf2 19.Bxa1 Bf5 20.Qxb7 exd4 21.Nf3 Be4 22.Qxc7 Bxf3 23.Qxf7+ Kh8
24.Qxf3 Qxh4+ 25.Kg1 Qe1+ 26.Bf1 { ...1/2-1/2, Kasparov Garry 2813 - Adams
Michael 2740 , Izmir 7.10.2004 Cup European Club } ) ( 6...Nc6 7.Bg5 dxc4 8.e3
h6 9.Bxf6 Qxf6 10.Nf3 O-O 11.Bxc4 Re8 12.Rd1 a6 13.O-O Bd7 14.Rd2 Qe7 15.Ba2
Qd6 16.Rc1 Rac8 17.Bb1 Ne7 18.Ne5 Nd5 19.Qb3 Bb5 20.Qc2 Nf6 21.h3 Red8 22.Ng4
Qe7 23.Nxf6+ Qxf6 24.Qh7+ Kf8 25.Rdc2 Bc6 26.Rc5 { ...1/2-1/2, Gurevich
Mikhail 2652 - Parligras Mircea 2577 , Warsaw 28. 6.2005 Ch Europe } ) (
6...dxc4 7.Qxc4 b6 8.Nf3 Ba6 9.Qc2 Nbd7 10.Bg5 O-O 11.e4 Bxf1 12.Rxf1 h6
13.Bxf6 Nxf6 14.O-O-O Rc8 15.Kb1 Qe7 16.Rfe1 Rfd8 17.Ne5 c5 18.d5 exd5 19.exd5
Qc7 20.Nc6 Rd7 21.Ne7+ Rxe7 22.d6 Qxd6 23.Rxd6 Rxe1+ 24.Rd1 Re7 25.f3 Rce8
26.Rd2 { ...0-1, Kramnik Vladimir 2780 - Kasparov Garry 2815 , Moscow 1998
Match (blitz) } ) 7.dxc5 d4 8.Qg3 ( 8.Qc2 Nc6 9.b4 e5 10.e4 dxe3 11.Bxe3 a5
12.Rd1 Qe7 13.Qb2 axb4 14.axb4 O-O 15.Nf3 Bg4 16.Be2 Ra4 17.b5 Bxf3 18.Bxf3
Nd4 19.O-O Nxf3+ 20.gxf3 Rxc4 21.Rfe1 Qe6 { 1/2-1/2, Drozdovskij Yuri 2562 -
Miroshnichenko Evgenij 2632 , Cappelle la Grande 8. 3.2007 It (open) } )
8...O-O ( 8...Nc6 9.b4 e5 10.e4 dxe3 11.Bxe3 O-O 12.Rd1 Qe7 13.Nf3 Bg4 14.Be2
a5 15.b5 Bxf3 16.Bxf3 Nd4 17.O-O Ne4 18.Qh3 Nxf3+ 19.Qxf3 Nxc5 20.Rd5 Na4
21.Qf5 Qxa3 22.Qxe5 Rfe8 23.Qc7 b6 24.Rd7 Rac8 25.Qb7 Qf8 26.Rc1 Rxe3 27.fxe3
Nc5 28.Qd5 { ...1/2-1/2, Gurevich Mikhail 2643 - Azarov Sergei 2579 , Istanbul
5. 9.2006 It (open) } ) 9.Bh6 Ne8 10.e3 ( 10.O-O-O Nc6 11.e3 Qc7 12.Qxc7 Nxc7
13.Bf4 e5 14.Bg3 dxe3 15.fxe3 a5 16.Nf3 f6 17.e4 Bg4 18.Bf2 Ne6 19.Rd5 a4
20.Kd2 Rfc8 21.Kc3 Ne7 22.Kb4 Nc6+ 23.Kc3 Ne7 24.Kb4 Nc6+ 25.Kc3 { 1/2-1/2,
Braun Arik 2491 - Romanishin Oleg M 2552 , Germany 28. 1.2006 Bundesliga
2005/06 } ) 10...Nc6 11.O-O-O Qc7 12.Qxc7 Nxc7 13.Bf4 e5 14.Bg3 dxe3 15.fxe3
a5 16.Ne2 ( 16.Nf3 f6 17.e4 Bg4 18.Bf2 Ne6 19.Rd5 a4 20.Kd2 Rfc8 21.Kc3 Ne7
22.Kb4 Nc6+ 23.Kc3 Ne7 24.Kb4 Nc6+ 25.Kc3 { 1/2-1/2, Braun Arik 2491 -
Romanishin Oleg M 2552 , Germany 28. 1.2006 Bundesliga 2005/06 } ) 16...Ne6
17.Nc3 { N } ( 17.Rd5 f6 18.Nc3 a4 19.Ne4 Ne7 20.Rd1 Nc6 21.Rd5 Ne7 22.Rd1 Nc6
23.Rd5 { 1/2-1/2, Gelfand Boris 2733 - Ponomariov Ruslan 2703 , Moscow
7.11.2006 Memorial M.Tal (cat.20) } ) 17...a4 18.Rd5 f6 19.Ne4 Ne7 20.Rd1 Nc6
21.Rd5 Ne7 { +0.41 CAP } 22.Rd6 { N } ( 22.Rd1 Nc6 23.Rd5 Ne7 24.Rd1 Nc6
25.Rd5 { 1/2-1/2, Gelfand Boris 2733 - Ponomariov Ruslan 2703 , Moscow
7.11.2006 Memorial M.Tal (cat.20) } ) 22...Nf5 23.Rd3 Nxg3 24.hxg3 f5 25.Nc3
Nxc5 26.Rd5 b6 27.Rxe5 Bb7 28.Nd5 Rae8 29.Rxe8 Rxe8 30.Be2 Bxd5 31.cxd5 Rxe3
32.Bc4 Rxg3 { ?! } ( 32...Re4 { !? } 33.Bb5 Rd4 34.Kc2 g6 35.Rh4 Ne4 36.Bd3 b5
37.Bxe4 fxe4 38.Kc3 Rd3+ 39.Kb4 { } ) 33.d6+ Kf8 { ?! } ( 33...Kh8 { !? }
34.Bb5 Rxg2 35.d7 Nxd7 36.Bxd7 Rf2 37.Rd1 h5 38.Be8 g5 39.Bxh5 g4 40.Rd2 { } )
34.Rxh7 Ke8 35.Bb5+ Kf7 36.Rh8 Ke6 37.d7 Nxd7 38.Re8+ Kd6 39.Rd8 Rxg2 40.Rxd7+
Kc5 41.Bxa4 b5 42.Bc2 f4 43.Bd3 g5 44.b4+ Kb6 45.Rd5 f3 46.Rxb5+ Kc6 47.Rf5 g4
48.b5+ { } {#r} 1-0

[Event "Ch Spain (team) (Honor final)"]
[Site "masterchessopen.com Calvia (Spain)"]
[Date "2007.10.20"]
[Round "1"]
[White "Cheparinov Ivan (BUL)"]
[Black "Tiviakov Sergei (NED)"]
[Result "1-0"]
[WhiteElo "2670"]
[BlackElo "2643"]

{ Tiviakov Sergei (NED) +0 =1 -0 } 1.d4 Nf6 2.c4 e6 3.Nc3 Bb4 4.Qc2 d5 5.a3
Bxc3+ 6.Qxc3 dxc4 7.Qxc4 b6 { = } 8.Bf4 ( 8.Nf3 Ba6 9.Qa4+ Qd7 10.Qc2 Nc6
11.Bg5 O-O 12.Rd1 Rac8 13.Ne5 Nxe5 14.dxe5 Qb5 15.Bxf6 gxf6 16.exf6 Qa5+
17.Qc3 Qxc3+ 18.bxc3 Bb7 19.h4 Rfd8 20.Rh3 Be4 21.Re3 Bg6 22.g4 h6 23.Bg2 Rd6
24.f4 Rcd8 25.Rxd6 cxd6 26.Rg3 Bb1 27.g5 Kh7 { ...1-0, Bareev Evgeny 2729 -
Short Nigel D 2690 , Moscow 2002 Match "Russia-All World" } ) 8...Nd5 (
8...Ba6 9.Qxc7 Qxc7 10.Bxc7 Nc6 11.Rc1 Nxd4 12.Be5 Nb3 13.Rc3 Nc5 14.Bxf6 gxf6
15.e3 Bxf1 16.Kxf1 O-O 17.Ke2 Rac8 18.Nf3 Na4 19.Rcc1 Nxb2 20.Nd4 Nc4 21.Rc3
Nd6 22.Rhc1 Rxc3 23.Rxc3 Rc8 24.Rd3 e5 25.Ne6 Nc4 26.Nd8 Kf8 27.Nb7 Ke7 28.a4
{ ...0-1, Lalic Bogdan 2550 - Plaskett Jim 2513 , London 1999 It "Redbus"
(play-off) } ) 9.Bg3 O-O { ^00 ^01 ^00 ^00 ^00 ^05 Ng1f3 ^254 ^00 ^00 ^00 ^128
} ( 9...Ba6 10.Qa4+ Qd7 11.Qc2 Qb5 12.Nf3 Nc6 13.Rc1 Nde7 14.b4 Qh5 15.Qa4 Bb5
16.Qb3 Qd5 17.Qxd5 exd5 18.e3 Bxf1 19.Kxf1 Rc8 20.Ke2 f6 21.b5 Na5 22.Rxc7
Rxc7 23.Bxc7 Kd7 24.Bg3 Rc8 25.Kd3 Nc4 26.Ra1 Nf5 27.Nh4 Nfd6 28.Bxd6 Nxd6
29.a4 { ...1/2-1/2, Carlsen Magnus 2710 - Onischuk Alexander 2650 , Biel 2.
8.2007 It (cat.18) (play-off) (blitz) } ) 10.Nf3 { N ^254 ^00 ^00 ^00 ^04 !? }
( 10.e4 Ba6 11.Qc2 Bxf1 12.Kxf1 Nf6 13.Ne2 Nbd7 14.Qc6 Rc8 15.f3 Nb8 16.Qc3 c5
17.Kf2 Qe7 18.Rhd1 cxd4 19.Qxd4 Nc6 20.Qd6 Qb7 21.Rac1 h6 22.Qd3 Rfd8 23.Qe3
e5 24.Rxd8+ Rxd8 25.Qc3 Rd6 26.Bxe5 Nxe5 27.Qxe5 Qd7 28.Qc3 Rd3 29.Qc8+ Kh7 {
...1-0, Melkumyan Hrant 2399 - Pashikian Arman 2528 , Martuni 8. 7.2007 It
"Lake Sevan" (cat.12) } ) ( 10.Rc1 Ba6 11.Qa4 Qg5 12.Rd1 Nf4 13.Nf3 Qf5
14.Bxf4 b5 15.Qa5 Qxf4 16.e3 Qd6 17.Rc1 c6 18.Ne5 f6 19.Nd3 e5 20.dxe5 fxe5
21.Be2 Bc8 22.O-O Bf5 23.Nc5 Nd7 24.Rfd1 Qf6 25.Nxd7 Bxd7 26.f3 Bf5 27.Qc3
Rac8 28.b4 Rfd8 29.Rxd8+ Qxd8 { ...1-0, Luch Michal 2362 - Santos Latasa Jaime
1913 , Oviedo 21. 7.2007 It (open) } ) 10...f5 { +1.02 CAP N } ( 10...Qd7
11.Qc2 { +0.48 CAP } ) 11.Qc2 Bb7 12.e4 Ne7 13.Ng5 Nec6 { ? } ( 13...Bxe4
14.Nxe4 Nec6 15.O-O-O fxe4 16.Qxe4 Qd5 17.Bd3 g6 { } ) 14.Nxe6 Nxd4 15.Qxc7 {
? } ( 15.O-O-O Nxe6 16.Rxd8 Nxd8 17.Qxc7 Nbc6 18.Bc4+ Kh8 19.Bd6 Rc8 20.Qxc8
Bxc8 21.Bxf8 fxe4 22.Bd5 { } ) 15...Qxc7 16.Nxc7 f4 17.Bc4+ Kh8 18.O-O-O fxg3
19.Nxa8 Nbc6 20.fxg3 Bxa8 21.Rhf1 Rc8 22.Kb1 h6 23.Rf7 Kh7 24.Bd5 a5 25.Rd7 a4
26.e5 Nxe5 27.Bxa8 Nxd7 28.Be4+ Kg8 29.Rxd4 Nc5 30.Bg6 b5 31.Rf4 Kh8 32.Bf7
Nd3 33.Rd4 Ne5 34.Bh5 Rc5 35.Be2 Nc6 36.Rd6 b4 37.Bf3 Ne5 38.axb4 Rc4 39.Rb6
Kh7 40.Bd1 Rd4 41.Bxa4 { } {#r} 1-0

[Event "It \"]
[Site "masterchessopen.com Vitoria Gasteiz (Spain)"]
[Date "2007.11.02"]
[Round "1"]
[White "Karpov Anatoly (RUS)"]
[Black "Topalov Veselin (BUL)"]
[Result "0-1"]
[WhiteElo "2670"]
[BlackElo "2769"]

{ } 1.d4 Nf6 2.c4 e6 3.Nc3 Bb4 4.Qc2 d5 5.a3 Bxc3+ 6.Qxc3 dxc4 7.Qxc4 b6 (
7...O-O 8.Nf3 b6 9.Bf4 Nd5 10.Bg5 f6 11.Bd2 f5 12.Qc2 Ba6 13.e4 Bxf1 14.Kxf1
fxe4 15.Qxe4 Qf6 16.Re1 Nc6 17.Qxe6+ Qxe6 18.Rxe6 Rxf3 19.gxf3 Nxd4 20.Re5 c6
21.Kg2 Rf8 22.f4 h6 23.Re4 c5 24.Rd1 Rf6 25.Be3 Rg6+ 26.Kf1 Nf6 27.Re7 {
...0-1, Golod Vitali 2577 - Giffard Nicolas 2313 , Cappelle la Grande 20.
2.2006 It (open) } ) ( 7...Nc6 8.Nf3 Qd5 9.Qxd5 exd5 10.Bf4 Bg4 11.e3 Rc8
12.Rc1 Nh5 13.Bg3 Nxg3 14.hxg3 a6 15.Bxa6 Nd8 16.Bd3 Bxf3 17.gxf3 g6 18.Kd2
Ne6 19.f4 Ke7 20.g4 h6 21.f5 Nf8 22.Rh2 Kf6 23.f4 Nd7 24.g5+ Kg7 25.gxh6+ Rxh6
26.Rxh6 Kxh6 27.Rh1+ { ...1-0, Kahn Evarth Dr 2312 - Csato Eszter 2015 , Gyor
1992 Tournament } ) 8.Nf3 { = } 8...O-O ( 8...Ba6 9.Qa4+ Qd7 10.Qc2 Nc6 11.Bg5
O-O 12.Rd1 Rac8 13.Ne5 Nxe5 14.dxe5 Qb5 15.Bxf6 gxf6 16.exf6 Qa5+ 17.Qc3 Qxc3+
18.bxc3 Bb7 19.h4 Rfd8 20.Rh3 Be4 21.Re3 Bg6 22.g4 h6 23.Bg2 Rd6 24.f4 Rcd8
25.Rxd6 cxd6 26.Rg3 Bb1 27.g5 Kh7 28.e4 { ...1-0, Bareev Evgeny 2729 - Short
Nigel D 2690 , Moscow 2002 Match "Russia-All World" } ) 9.Bg5 ( 9.g3 Bb7
10.Bg2 Bd5 11.Qc2 Nbd7 12.O-O c5 13.Bg5 Rc8 14.Qa4 Bc6 15.Qc4 h6 16.Bxf6 Qxf6
17.Rfd1 Bxf3 18.Bxf3 cxd4 19.Qxd4 Ne5 20.Kg2 Rc4 21.Qd2 g5 22.h3 Rfc8 23.Rac1
Kg7 24.Be4 R8c5 25.Bd3 Nxd3 26.exd3 Rxc1 27.Rxc1 Rd5 28.Rc7 a5 { ...1-0,
Ivanov Sergey_ 2538 - Beliavsky Alexander G 2618 , Vrnjacka Banja 1999 Ch
Yugoslavia (team) } ) 9...Ba6 10.Qc2 { +0.07 CAP } 10...c5 { N } ( 10...Nbd7
11.e4 Bxf1 12.Rxf1 h6 13.Bxf6 Nxf6 14.O-O-O Rc8 ( 14...Qe7 15.Ne5 c5 16.dxc5
Qc7 17.f4 bxc5 18.Nc4 Rad8 19.e5 Rxd1+ 20.Rxd1 Nd5 21.Qe4 Rb8 22.f5 Qe7 23.Qg4
exf5 24.Qxf5 Qh4 25.g4 Ne7 26.Qd7 Qg5+ 27.Kb1 Qg6+ 28.Ka1 Qc2 29.Qd3 Qxh2
30.Qd6 { ...1/2-1/2, Johannessen Leif Erlend 2555 - Carlsen Magnus 2675 , Moss
9. 7.2006 Ch Norway } ) 15.Kb1 Qe7 16.Rfe1 Rfd8 17.Ne5 c5 18.d5 exd5 19.exd5
Qc7 20.Nc6 Rd7 21.Ne7+ Rxe7 22.d6 Qxd6 23.Rxd6 Rxe1+ 24.Rd1 Re7 25.f3 Rce8
26.Rd2 Nd7 27.Ka2 Nf8 28.Qa4 Rc8 29.h4 c4 30.Rc2 { ...0-1, Kramnik Vladimir
2780 - Kasparov Garry 2815 , Moscow 1998 Match (blitz) } ) 11.dxc5 bxc5 12.Rd1
Qa5+ 13.Bd2 Qb6 14.Bc3 Nbd7 15.e4 Bxf1 16.Kxf1 Qb7 17.Re1 Ne8 18.h4 Nd6 19.Rh3
Nb5 20.Rg3 f6 21.e5 f5 22.Ng5 Rfe8 23.Qe2 Nf8 24.h5 h6 25.Nh3 Nc7 26.Qc4 Nd5
27.Bd2 Kh7 28.b3 Qf7 29.Qe2 Rab8 30.Rc1 Nd7 31.a4 { ?! } ( 31.Nf4 { !? }
31...Nxf4 32.Bxf4 Qe7 33.Kg1 Red8 34.Qc2 Kh8 35.Rd3 { } ) 31...Rb7 32.Nf4 Nxf4
33.Bxf4 Reb8 34.Rcc3 Rb4 35.Bd2 Rh4 36.Kg1 Rbb4 37.f4 Re4 38.Qf3 Rxh5 39.Re3
Rd4 { ?! } ( 39...Rxe3 { !? } 40.Bxe3 g5 41.Qc6 gxf4 42.Bxf4 Rh4 43.Rd3 Nb8
44.Qf3 Na6 { } ) 40.Rd3 { ? } ( 40.Bc3 Re4 41.Rxe4 fxe4 42.Qxe4+ Qf5 43.Qxf5+
Rxf5 44.Bd2 h5 45.Kh2 Rf7 46.a5 Nb8 47.Rc3 { } ) 40...Rxd3 41.Qxd3 Nb6 42.Qd6
Nd5 43.Rd3 Nb4 { ?! } ( 43...Rh4 { !? } 44.Rf3 Qg6 45.Qxc5 Qh5 46.Qxa7 Rh1+
47.Kf2 Qh2 48.Ke2 Rg1 49.Rg3 Rxg2+ 50.Rxg2 Qxg2+ { } ) 44.Bxb4 cxb4 45.Qxb4
Rh4 46.Rh3 Rg4 47.Qd2 a5 48.Qf2 Qc7 { } {#R} 0-1

[Event "Ch Ukraine"]
[Site "masterchessopen.com Kharkov (Ukraine)"]
[Date "2007.11.18"]
[Round "2"]
[White "Gasanov Eldar (UKR)"]
[Black "Miroshnichenko Evgenij (UKR)"]
[Result "0-1"]
[WhiteElo "2503"]
[BlackElo "2651"]

{ Miroshnichenko Evgenij (UKR) +0 =1 -0 } 1.d4 Nf6 2.c4 e6 3.Nc3 Bb4 4.Qc2 d5
5.a3 Bxc3+ 6.Qxc3 { = } 6...c5 ( 6...Ne4 7.Qc2 Nc6 8.e3 e5 9.cxd5 Qxd5 10.Bc4
Qa5+ 11.b4 Nxb4 12.Qxe4 Nc2+ 13.Ke2 Qe1+ 14.Kf3 Nxa1 15.Bb2 O-O 16.Kg3 h6
17.h4 Re8 18.Kh2 Qxf2 19.Bxa1 Bf5 20.Qxb7 exd4 21.Nf3 Be4 22.Qxc7 Bxf3
23.Qxf7+ Kh8 24.Qxf3 Qxh4+ 25.Kg1 Qe1+ 26.Bf1 { ...1/2-1/2, Kasparov Garry
2813 - Adams Michael 2740 , Izmir 7.10.2004 Cup European Club } ) ( 6...Nc6
7.Bg5 dxc4 8.e3 h6 9.Bxf6 Qxf6 10.Nf3 O-O 11.Bxc4 Re8 12.Rd1 a6 13.O-O Bd7
14.Rd2 Qe7 15.Ba2 Qd6 16.Rc1 Rac8 17.Bb1 Ne7 18.Ne5 Nd5 19.Qb3 Bb5 20.Qc2 Nf6
21.h3 Red8 22.Ng4 Qe7 23.Nxf6+ Qxf6 24.Qh7+ Kf8 25.Rdc2 Bc6 26.Rc5 {
...1/2-1/2, Gurevich Mikhail 2652 - Parligras Mircea 2577 , Warsaw 28. 6.2005
Ch Europe } ) ( 6...dxc4 7.Qxc4 b6 8.Nf3 Ba6 9.Qc2 Nbd7 10.Bg5 O-O 11.e4 Bxf1
12.Rxf1 h6 13.Bxf6 Nxf6 14.O-O-O Rc8 15.Kb1 Qe7 16.Rfe1 Rfd8 17.Ne5 c5 18.d5
exd5 19.exd5 Qc7 20.Nc6 Rd7 21.Ne7+ Rxe7 22.d6 Qxd6 23.Rxd6 Rxe1+ 24.Rd1 Re7
25.f3 Rce8 26.Rd2 { ...0-1, Kramnik Vladimir 2780 - Kasparov Garry 2815 ,
Moscow 1998 Match (blitz) } ) 7.dxc5 d4 8.Qg3 ( 8.Qc2 e5 9.e3 Nc6 10.b4 a5
11.b5 Ne7 12.Nf3 dxe3 13.Bxe3 Nf5 14.Bg5 Qe7 15.Bxf6 gxf6 16.Bd3 Ng7 17.O-O
Qxc5 18.Be4 f5 19.Bd5 e4 20.Qc3 O-O 21.Ng5 Qe7 22.Nh3 Be6 23.Nf4 Qc7 24.g3
Rad8 25.Rfd1 b6 26.Rac1 Rd6 27.Bc6 Rxd1+ { ...1-0, Khismatullin Denis 2566 -
Landa Konstantin 2669 , Krasnoyarsk 3. 9.2007 Ch Russia (Higher League) } )
8...Nc6 ( 8...O-O 9.Bh6 Ne8 10.e3 Nc6 11.O-O-O Qc7 12.Qxc7 Nxc7 13.Bf4 e5
14.Bg3 dxe3 15.fxe3 a5 16.Ne2 Ne6 17.Rd5 f6 18.Nc3 a4 19.Ne4 Ne7 20.Rd1 Nc6
21.Rd5 Ne7 22.Rd1 Nc6 23.Rd5 { 1/2-1/2, Gelfand Boris 2733 - Ponomariov Ruslan
2703 , Moscow 7.11.2006 Memorial M.Tal (cat.20) } ) 9.Nf3 ( 9.b4 e5 10.e4 (
10.Bg5 h6 11.Qh4 { +0.48 CAP } ) 10...dxe3 11.Bxe3 O-O 12.Rd1 Qe7 13.Nf3 Bg4
14.Be2 a5 15.b5 Bxf3 16.Bxf3 Nd4 17.O-O Ne4 18.Qh3 Nxf3+ 19.Qxf3 Nxc5 20.Rd5
Na4 21.Qf5 Qxa3 22.Qxe5 Rfe8 23.Qc7 b6 24.Rd7 Rac8 25.Qb7 Qf8 26.Rc1 Rxe3
27.fxe3 Nc5 28.Qd5 Qe8 { ...1/2-1/2, Gurevich Mikhail 2643 - Azarov Sergei
2579 , Istanbul 5. 9.2006 It (open) } ) ( 9.Qxg7 Rg8 10.Qh6 Na5 11.b4 Nxc4
12.Nf3 a5 13.Nd2 Ne5 14.Bb2 axb4 15.axb4 Rxa1+ 16.Bxa1 Nc6 17.Nc4 Nxb4 18.Qd2
Nc6 19.Nd6+ Ke7 20.e3 Bd7 21.exd4 Qa8 22.Bb2 Qa2 23.f3 Qb1+ 24.Kf2 Ra8 25.Rg1
Ra2 26.Nc4 Na5 27.Bd3 Nxc4 28.Bxb1 Rxb2 { ...1/2-1/2, Jaeger Frode Bull 2096 -
Brodsky Michail 2595 , Tromsoe 9. 8.2007 It (open) "Arctic Chess Challenge" }
) 9...O-O 10.Bh6 Ne8 { +0.37 CAP } 11.h4 { ?! N } ( 11.O-O-O { !? } 11...e5 (
11...f6 12.Bd2 b6 13.e3 bxc5 14.exd4 cxd4 15.Bd3 Qb6 16.Qh4 g6 17.b4 a5 18.b5
Qc5 19.Bh6 Qxa3+ 20.Kd2 Nb4 21.Qxd4 Qa2+ 22.Ke3 Qb3 23.Ke2 e5 24.Qc5 Rf7
25.Be4 Be6 26.Nd2 Qc3 27.Rc1 Qa3 28.Ra1 Qb2 29.Rhb1 Qc3 30.Rc1 Qb2 { ...1-0,
Khismatullin Denis 2584 - Yemelin Vasily 2520 , Sochi 26. 4.2006 Ch Russia
(club) } ) 12.e3 Kh8 13.exd4 gxh6 14.d5 Na5 15.Qxe5+ Ng7 16.Qc3 { } ) 11...e5
12.h5 f5 13.e3 { ?! } ( 13.Bd2 { !? } 13...f4 14.Qg5 Qc7 15.h6 g6 16.Nh4 Nf6
17.f3 Be6 18.O-O-O Bxc4 19.Kb1 Qe7 { } ) 13...Qa5+ 14.Nd2 Kh8 { ?! } (
14...Qc7 { !? } 15.Rh4 dxe3 16.fxe3 Kh8 17.Bg5 h6 18.O-O-O hxg5 19.Qxg5 Qe7
20.Qxe7 Nxe7 21.Nf3 { } ) 15.Bg5 h6 16.Bh4 f4 17.exf4 exf4 18.Qf3 Bf5 19.O-O-O
Nc7 20.Ne4 { ?! } ( 20.Nb3 { !? } 20...Qa4 21.Rxd4 Nxd4 22.Nxd4 Bh7 23.Bd3
Bxd3 24.Qxd3 Rae8 25.Nf3 Qc6 26.Qd6 Rf5 { } ) 20...Na6 21.Nd6 Bh7 22.g4 { ? }
( 22.Rd2 Rab8 23.Qb3 Nxc5 24.Qb5 Qxb5 25.cxb5 Nb3+ 26.Kd1 Nxd2 27.Kxd2 Ne5
28.f3 Rfc8 29.Nxc8 { } ) 22...Nxc5 23.Nf5 Rxf5 24.gxf5 Bxf5 25.Rh3 Qa4 26.Rd2
Nb4 27.Re2 Na2+ { } {#R} 0-1

[Event "Ch Ukraine"]
[Site "masterchessopen.com Kharkov (Ukraine)"]
[Date "2007.11.19"]
[Round "3"]
[White "Shishkin Vadim (UKR)"]
[Black "Tarlev Konstantin (UKR)"]
[Result "0-1"]
[WhiteElo "2530"]
[BlackElo "2490"]

1.d4 Nf6 2.c4 e6 3.Nc3 Bb4 4.Qc2 d5 5.a3 Bxc3+ 6.Qxc3 dxc4 7.Qxc4 b6 8.Nf3 Ba6
9.Qc2 Qd5 10.g3 Nbd7 11.Bg2 Rc8 12.Bg5 c5 13.Bxf6 gxf6 14.Qa4 Qc4 15.Qxc4 Bxc4
16.Rc1 Bd5 17.e3 Ke7 18.Ke2 cxd4 19.exd4 b5 20.Rhd1 Nb6 21.Rxc8 Rxc8 22.Ne1
Bb3 23.Rd2 f5 24.f4 a5 25.Kf2 Nc4 26.Rd3 a4 27.Rc3 Rd8 28.Bc6 Nxb2 29.Rc5 b4
30.axb4 a3 31.Rc1 Rxd4 32.b5 Kd6 {#R} 0-1